000 00322nam a22001457a 4500
008 211018b ||||| |||| 00| 0 eng d
020 _a9780669510140
041 _aeng
080 _a910
082 _a910
100 _a42
101 _aGJEO
245 _aScience Saurus A Student Handbook
_cBarnes,D
942 _2udc
_cBK
999 _c58240
_d58240